00710nam a2200253 a 4500001001300000003000900013005001700022008004100039020001000080082001900090100001900109245001500128260004000143300000900183500003500192505001000227650002800237650002000265700001900285902000800304942000700312952012000319999001700439nice12345678IN_TiNIC20260116013552.0050524s1999 muma grp 000 0 eng  ac13000a305.80954bMUR aMuricken, Ajit aMillennium aMumbaibVikas Adhyayan Kendrac1999 a207p aincludes index and biblioraphy2 aIndex aIndia-Social Conditions aBadal Sen Gupta1 aMuricken, Ajit bSRS cBK 001040708StackRoom-aHMIbHMId2007-03-29g130.00l0o305.80954 MURp019382r2007-03-29v130.00w2005-05-24yBK c11508d11508